| 000 | 00612nam a22001937a 4500 | ||
|---|---|---|---|
| 020 | _a0-13-374943-6 | ||
| 082 |
_a624.1762 _bKRA _cN-01, P-121 |
||
| 100 |
_aL. Kramer, Steven _942919 |
||
| 245 |
_aGeometrical earthquake engineering _cSteven L. Kramer |
||
| 260 |
_aNew Jersey _bPrentice Hall _c1996 |
||
| 300 | _axviii, 653.p: | ||
| 526 |
_a0 _b0 _c0 _d624_176200000000000_KRA |
||
| 526 |
_a0 _b0 _c0 _d624_176200000000000_KRA |
||
| 526 |
_a0 _b0 _c0 _d624_176200000000000_KRA |
||
| 526 |
_a0 _b0 _c0 _d624_176200000000000_KRA |
||
| 526 |
_a0 _b0 _c0 _d624_176200000000000_KRA |
||
| 650 |
_aMCE _9379 |
||
| 942 |
_2ddc _cBK |
||
| 999 |
_c546726 _d546726 |
||